000 00448nam a2200181Ia 4500
001 7748
005 20260306160518.0
008 260306t2020||||xx |||||||||||||| ||spa||
041 _aESP
082 _a361
_bS21
100 _aSandel, Michael J.
_eAUT
245 0 _aLa tiranía del mérito:
_b¿qué ha sido del bien común?
260 _c2020
300 _a364 páginas :
_c23 cm.
650 _aGEN
654 _aCHU
942 _cLIB
_dJUS
_fJUS
_2ddc
_n
999 _c7748
_d7748